000 00374pab a2200133 454500
008 180718b1999 xxu||||| |||| 00| 0 eng d
100 _aMostakim, Golam
245 _aThe need for carrer planning in public sector organizations
260 _c1999
300 _ap.155-64.
650 _aPublic sector
773 _aBangladesh Journal of Public Administration
909 _a52955
999 _c52955
_d52955